000 00503ntaaa2200193 4500
003 01
005 20251027202447.0
008 0714s1973 ag 01
040 _aAR-BaBN
_bspa
_cAR-BaBN
_eaacr
_dRIC
082 _a266.0960 T24
100 _aTemple, Helen F.
_923512
245 _aSiembra y cosecha
250 _a1 ed.
260 _aKansas City :
_bCasa Nazarena de Publicaciones,
_cn.f.
300 _a75 p.
500 _arelatos misioneros del Africa del Sur
650 _aAfrica
_917522
942 _cBK
999 _c19625
_d19625